000 00477nam a2200157 4500
001 148686
003 ES-MaACL
005 20230906202749.0
007 t|
008 070214s1958 sp r ||||1| spa d
100 1 _aSuárez del Otero, Concepción.
_9108611
245 1 0 _aSatanás no duerme /
_cConcepción Suárez del Otero.
260 _aMadrid :
_bPrensa Española,
_c1958.
300 _a199 p., 1 lám. :
_b`retr. aut.` ;
_c22 cm.
852 _aES-MaACL
_jC-14985
_bR.42467
999 _c148686
_d148686